Laddar...

Studies in economics in farm management in M P

Bibliografiska uppgifter
Huvudupphovsman: Government of India
Materialtyp: Printed Book
LEADER 00396nam a2200193 4500
020
082
100 |a Government of India 
245 |a Studies in economics in farm management in M P 
250
260
300
490
500
590
650
942 |c BK 
999 |c 104403  |d 104403 
952 |0 0  |1 0  |4 0  |7 0  |9 117870  |a ECN  |b ECN  |l 0  |p ECN01440  |r 2019-09-25  |w 2019-09-25  |y BK